[Event "HCL-B186"]
[Site "www.playchess.de"]
[Date "2001.02.25"]
[Round "9"]
[White "Gruhni"]
[Black "dg"]
[WhiteElo "1320"]
[BlackElo "1101"]
[PlyCount "111"]
[Result "1-0"]

1.e4 {Hello from Frankfurt in Germany!}  e5 2.Nf3 
Nc6 3.Bc4 h6 4.d4 d6 5.dxe5 dxe5 6.Qxd8+ Kxd8 
7.Bxf7 Nf6 8.Nc3 Bb4 9.Bd2 Bg4 10.O-O-O Bxf3 
11.gxf3 Bxc3 12.Bxc3+ Ke7 13.Bc4 a6 14.Rd2 Rad8 
15.Rhd1 Rxd2 16.Bxd2 Nd4 17.a3 Nxf3 18.Bb4+ Ke8 
19.Bc3 Nxe4 20.Rd3 Nxh2 21.Bxe5 Nxf2 22.Rd5 Nhg4 
23.Bxc7 Ke7 24.Rf5 Nh3 25.Rf7+ Ke8 26.Rxg7 Nf6 
27.Rg3 Ng5 28.Be5 Nfe4 29.Rxg5 Rf8 30.Rg6 b5 
31.Bd3 Nc5 32.Rxh6 Kd7 33.Rd6+ Ke7 34.b4 Nd7 
35.Rxa6 Nxe5 36.Bxb5 Rc8 37.Kb2 Rb8 38.c4 Kd8 
39.Rh6 Kc7 40.Kc3 Ng4 41.Rc6+ Kb7 42.a4 Ne5 43.Rc5 
Nf7 44.Bc6+ Ka7 45.Rb5 Rd8 46.Rb7+ Ka6 47.Rxf7 Kb6 
48.b5 Kc5 49.a5 Rh8 50.Rf3 Rh4 51.Bd5 Rh5 52.a6 
Kb6 53.Kb4 Rh6 54.c5+ Kc7 55.b6+ Kb8 
56.Rf8+ 1-0

[Event "HCL-A077"]
[Site "www.playchess.de"]
[Date "2001.02.25"]
[Round "1"]
[White "paule"]
[Black "Belka"]
[WhiteElo "1960"]
[BlackElo "1720"]
[PlyCount "38"]
[Result "1/2-1/2"]

1.e4 c5 2.c3 d5 3.exd5 Qxd5 4.d4 Nf6 5.Nf3 e6 
6.Na3 cxd4 7.Nb5 Qd8 8.Qxd4 a6 9.Qxd8+ Kxd8 10.Ne5 
axb5 11.Nxf7+ Ke8 12.Nxh8 Bd7 13.Bd3 Bc6 14.O-O 
Bd6 15.Re1 Ke7 16.Bf5 Bd5 17.Bg5 Na6 18.Rad1 Bxa2 
19.Bd3 Rxh8 1/2-1/2

[Event "HCL-B185"]
[Site "www.playchess.de"]
[Date "2001.02.25"]
[Round "14"]
[White "dakini"]
[Black "SAROS"]
[WhiteElo "1372"]
[BlackElo "1354"]
[PlyCount "94"]
[Result "0-1"]

1.e4 d5 2.exd5 Qxd5 3.Nc3 Qd8 4.Bc4 e6 5.a3 Nf6 
6.d3 Bd7 7.Nf3 Nc6 8.d4 Ne7 9.Bg5 Nfg8 10.Ne5 h6 
11.Bh4 g5 12.Bg3 a6 13.Qh5 Rh7 14.Bd3 Nf6 15.Qf3 
Nf5 16.Qxb7 Rg7 17.Bxa6 Nxg3 18.hxg3 Rg8 19.Nb5 
Bd6 20.Rxh6 Bxe5 21.dxe5 Nd5 22.c4 c6 23.Nd6+ Kf8 
24.cxd5 Rb8 25.Qa7 cxd5 26.Rh7 Rg7 27.Rh6 Rxb2 
28.Rc1 Rb8 29.Rc8 Rxc8 30.Rh8+ Rg8 31.Rxg8+ Kxg8 
32.Bxc8 Bxc8 33.Qxf7+ Kh8 34.Qh5+ Kg7 35.Ne8+ Kf8 
36.Qh8+ Ke7 37.Qf6+ Kxe8 38.Qxd8+ Kxd8 39.f4 g4 
40.Ke2 Kc7 41.Kd3 Kb6 42.Kd4 Kc6 43.a4 Bb7 44.f5 
exf5 45.a5 Ba6 46.Kc3 Kd7 47.Kd4 
Ke6 0-1

[Event "HCL-B184"]
[Site "www.playchess.de"]
[Date "2001.02.25"]
[Round "34"]
[White "dg"]
[Black "Yogibear"]
[WhiteElo "1076"]
[BlackElo "1836"]
[PlyCount "70"]
[Result "0-1"]

1.e4 d5 {hello-and have a lot of fun! Jürgen}  
2.e5 Bf5 3.f4 e6 4.d4 c5 5.Nf3 Nc6 6.Bb5 Qa5+ 
7.Nc3 a6 8.Bxc6+ bxc6 9.Bd2 cxd4 10.Nxd4 Bg6 
11.Nce2 Qb6 12.b3 Ba3 13.Bc1 Bxc1 14.Qxc1 c5 
15.Nf3 Ne7 16.Qb2 O-O 17.O-O-O Nf5 18.Kb1 Ne3 
19.Rdc1 Nxg2 20.Rhg1 Ne3 21.Nc3 Rab8 22.Nd2 Qb4 
23.a3 Qxf4 24.Rgh1 Nxc2 25.Rxc2 Qxd2 26.Rhc1 c4 
27.Ka1 Bxc2 28.Rxc2 Qe1+ 29.Rc1 Qxe5 30.b4 a5 
31.b5 d4 32.Ne2 Rxb5 33.Qxd4 Qxe2 34.Rxc4 Qe1+ 
35.Ka2 Qb1+ 0-1

[Event "HCL-A081"]
[Site "www.playchess.de"]
[Date "2001.02.25"]
[Round "28"]
[White "jmcerna"]
[Black "gelus"]
[WhiteElo "1700"]
[BlackElo "1892"]
[PlyCount "50"]
[Result "0-1"]

1.e4 {Un gusto Gelus}  e6 {hola, que tal estas , 
suerte :-)}  2.d4 d5 3.Nd2 dxe4 4.Nxe4 Nd7 5.Nf3 
Ngf6 6.Bd3 Nxe4 7.Bxe4 Nf6 8.Bg5 Be7 9.Bxf6 Bxf6 
10.O-O O-O 11.Re1 g6 12.c3 c6 13.g3 Qc7 14.h4 c5 
15.h5 cxd4 16.hxg6 hxg6 17.cxd4 Rd8 18.Qd2 Qb6 
{muy arriesgado ...}  19.Rad1 Bd7 20.Kg2 Bg7 21.b3 
f5 22.Bb1 Bc6 23.Qg5 Kf7 24.Qe3 Rd6 25.Kg1 
Rh8 0-1

[Event "HCL-C188"]
[Site "www.playchess.de"]
[Date "2001.02.25"]
[Round "11"]
[White "patzer"]
[Black "craigsadler"]
[WhiteElo "1205"]
[BlackElo "549"]
[PlyCount "33"]
[Result "1-0"]

1.e4 c6 2.d4 d5 3.e5 Bf5 4.Nf3 e6 5.Be2 Nd7 6.O-O 
c5 7.c4 Nb6 8.cxd5 Nxd5 9.Qa4+ Qd7 10.Bb5 Nb6 
11.Bxd7+ Nxd7 12.Nc3 cxd4 13.Nxd4 Bg6 14.b3 Bc5 
15.Ba3 Bxd4 16.Rac1 a6 17.Qxd4 1-0

[Event "HCL-C188"]
[Site "www.playchess.de"]
[Date "2001.02.25"]
[Round "18"]
[White "lsoule"]
[Black "Niloc"]
[WhiteElo "908"]
[BlackElo "1000"]
[PlyCount "77"]
[Result "1-0"]

1.e4 e5 2.Nf3 Nc6 3.Bb5 Bc5 4.c3 Nf6 5.O-O Nxe4 
6.d4 exd4 7.Bxc6 dxc6 8.cxd4 Bb6 9.Nc3 Nxc3 
10.Qe1+ Be6 11.Qxc3 O-O 12.Ng5 Qxd4 13.Qxd4 Bxd4 
14.Nxe6 fxe6 15.Rb1 Rf7 16.b3 Raf8 17.Be3 e5 
18.Bxd4 exd4 19.f3 d3 20.Rbd1 Rd8 21.Rd2 c5 
22.Rfd1 Rfd7 23.Kf2 b5 24.Ke3 c4 25.g4 Kf7 26.f4 
Re8+ 27.Kf3 Rde7 28.bxc4 R7e3+ 29.Kf2 R3e2+ 30.Kg3 
bxc4 31.g5 c3 32.R2xd3 c2 33.Rc1 R8e6 34.Rd7+ Kg6 
35.Rxc7 R6e3+ 36.Kg4 Rg2+ 37.Kh4 Rxh2+ 38.Kg4 Rhh3 
39.f5+ 1-0

[Event "HCL-B189"]
[Site "www.playchess.de"]
[Date "2001.02.25"]
[Round "13"]
[White "dakini"]
[Black "DepthCharge"]
[WhiteElo "1309"]
[BlackElo "1516"]
[PlyCount "42"]
[Result "0-1"]

1.d4 Nf6 {Hello. Good luck! :)}  2.Bg5 c5 3.Bxf6 
{So good luck too! :-))}  gxf6 4.dxc5 e5 5.b4 Nc6 
6.e3 Nxb4 7.a3 Qa5 8.c3 Nc6 9.Qd5 Qxc5 10.c4 Qxd5 
11.cxd5 Na5 12.g3 d6 13.Bd3 Nb3 14.Ra2 Nc1 15.Rd2 
Nxd3+ 16.Rxd3 Bf5 17.Rb3 Be4 18.Rxb7 Bxd5 19.Rb4 
{I haven´t seen it ...  great!}  Bxh1 {Thank 
you.Do you play chess on any other server? I play 
at ICC.}  20.Nc3 {I played at schachspiel.de. but 
here it is better for learning. That´s my 
intention.}  d5 {Yes, I agree. This type of chess 
is good for your game.}  21.f3 
Bxb4 0-1

[Event "HCL-B195"]
[Site "www.playchess.de"]
[Date "2001.02.25"]
[Round "18"]
[White "GAZOLA"]
[Black "Terry_Bohannon"]
[WhiteElo "1500"]
[BlackElo "1500"]
[PlyCount "41"]
[Result "1-0"]

1.e4 e5 2.Nf3 Nc6 3.Bc4 Nf6 4.Nc3 h6 5.O-O Be7 
6.d3 O-O 7.Be3 b6 8.a3 Bb7 9.b4 a6 10.a4 Nxb4 
11.Nxe5 Bd6 12.Nf3 Bc6 13.e5 Bxf3 14.Qxf3 Bxe5 
15.d4 Nxc2 16.dxe5 Nxe3 17.fxe3 Ne8 18.Bxf7+ Kh8 
19.Nd5 Qg5 20.Nf4 Rxf7 21.Qxa8 1-0

[Event "HCL-B197"]
[Site "www.playchess.de"]
[Date "2001.02.25"]
[Round "14"]
[White "Zeus"]
[Black "Capablancanot"]
[WhiteElo "1676"]
[BlackElo "1712"]
[PlyCount "53"]
[Result "1-0"]

1.e4 {Hi stranger...come here often?}  e6 {Once in 
a great while. I told you no Lion, and then I wind 
up Black! Wellllll bite my tongue.}  2.d4 {Let's 
get ready to rumble!  You could have played a 
Lion...I wouldn't have cared!}  c5 {It's all 
right. I am going to get a first hand lesson in 
tactical chess from the master. But beware.}  
3.Nf3 {Is Fischer playing?  I thought he was in 
exile?  lol}  cxd4 {I knew we'd play one day. So I 
saved this line just for you.}  4.Nxd4 {What a 
guy!  Nice "French Fake-out"...the Game is afoot!} 
 Nf6 {Admit it Captain...No peace in our time.}  
5.Nc3 {I like to think there are 
"possibilities"...and the cliche festival goes on 
and on...lol!}  Bb4 {Lol...Yes. This will look 
good for me for a few more moves then watch it go 
down the tubes!}  6.e5 {Attacking me...I like it!  
Ok, here we go...it's tactics time!}  Qc7 
{Okay...The next exchange is far as I've gotten in 
my scheme. It's instinct from here on out.}  
7.exf6 {Go for it!}  Bxc3+ {I may lose...But there 
will be blood on the pieces!!!}  8.bxc3 {"Risk is 
part of the game if you want to set in that 
chair!"  I feel the Hannibal Lector in us ;-)}  
Qxc3+ {Okay, one more move and I'm done. Can I 
take my pieces and go home now?}  9.Qd2 {Sure, now 
that we have beat the hell out of each other.  I 
still love you man ;-)}  Qxd2+ {This didn't work 
out right. You were supposed to use the Bishop. 
Now I'm down a piece.}  10.Bxd2 {I saw that and 
expected you to swallow the Rook...the whole point 
behind the material sac..sorry ;-(}  gxf6 {I suck 
at tactical. I'll fight on for a valid game. But 
my pieces are in horrible shape.}  11.Nb5 {Just 
need to slow down, that's all.  Too hard on 
yourself, my friend!}  Kd8 {I think I lost this 
game psychologically before we started.}  12.Bc3 
{You shouldn't have.  Just play "Your" game...not 
someone elses.  May be my fault.}  e5 {Not at 
all...I'm the one on this side of the board. I 
just pushed too hard.}  13.Bc4 {We should play 
another...you as white(on the side.)}  Rf8 {I'M AN 
ACTOR. I can play any role you choose. Lol}  
14.Bb4 {Dammit John, I'm a chess player, not a 
drama critic!  lol...goodnight ;-)}  Rg8 {My 
analysis of my game with Dragon-Wolf now works. 
Read it. It's good reading.}  15.Bd6 {I will.}  
Nc6 16.Nc7 {Good Morning!  See you after work.}  
Rb8 {Don't let up...I'm watching how you use your 
pieces to close such a game out. I'm learning 
here.}  17.O-O {I am receiving no joy over this.  
I love the opportunity to play you but I hate 
this...}  b5 {You are assuming hurt feelings. 
There are none. There will be another time.}  
18.Nxb5 {I am assuming nothing...just commenting 
on how I feel...just like old OTB days w/ 
friends.}  Rb7 {A true gentleman. But when we play 
we must assume there will be a chance we will 
lose...even badley.}  19.Bxf7 {A trueism, however, 
defeat never suits friendships, as winner or 
loser..at least in my book.}  Rg7 {Then we would 
never play...I don't mind losing at chess if I 
learn something along the way.}  20.Bc4 {Very 
well.  Any word on your missing book?}  Rg4 {I 
have sent you an E-Mail. Read it. As for my book, 
I am having family get another.}  21.f4 {Enjoyed 
our phone chat...glad another bump in the road has 
now been cleared!  ;-)}  e4 {A pebble at best.}  
22.Rae1 {I loved your reaction when I told you who 
I was...it was classical.  Made me feel right at 
home!}  f5 {Good. You caught me by surprise. It 
was so great to talk to you.}  23.Bc5 {It did me a 
great deal of good!  May do it again...so be have! 
 Good Night, my friend.  ;-)}  a6 {Talk to you 
tomorrow.}  24.Nd6 {Good morning!}  Rb8 
{Sorry...Busy weekend.}  25.Reb1 {Don't worry 
about it...life more important by far!}  h5 
26.Rxb8 Nxb8 27.Bb6+ 1-0

[Event "HCL-B197"]
[Site "www.playchess.de"]
[Date "2001.02.25"]
[Round "18"]
[White "GMKingArs"]
[Black "Whatever"]
[WhiteElo "1500"]
[BlackElo "1262"]
[PlyCount "44"]
[Result "1/2-1/2"]

1.e4 c5 {Have a good game.}  2.Nf3 Nc6 3.d4 cxd4 
4.Nxd4 g6 5.Bc4 Bg7 6.Be3 Nf6 7.Nc3 O-O 8.f3 Qb6 
9.Bb3 Nxe4 {Let's get tactical.}  10.Nd5 Qa5+ 
11.c3 Bxd4 12.Bxd4 Nc5 13.O-O Nxb3 14.Qxb3 d6 
{Good morning.}  15.Bf2 { don't you sleep it is 
not?!}  Be6 16.Rad1 Bxd5 17.Rxd5 Qc7 18.Rd2 b6 
19.Re1 e6 20.Bg3 Rfd8 21.Red1 Na5 22.Qb4 
Nb7 1/2-1/2

[Event "HCL-B081"]
[Site "www.playchess.de"]
[Date "2001.02.25"]
[Round "1"]
[White "paule"]
[Black "msmsk"]
[WhiteElo "1762"]
[BlackElo "1549"]
[PlyCount "43"]
[Result "1-0"]

1.e4 e6 2.d4 d5 3.Nd2 Nf6 4.e5 Nfd7 5.f4 c5 6.c3 
Nc6 7.Ndf3 Qb6 8.Ne2 cxd4 9.Nexd4 Bc5 10.Be2 Nxd4 
11.cxd4 Be7 12.O-O O-O 13.b3 f6 14.Bb2 fxe5 
15.fxe5 Qa5 16.Bd3 Rf7 17.Qe2 Nf8 18.Ng5 Rxf1+ 
19.Rxf1 Bxg5 20.Qf3 Be3+ 21.Kh1 Bd7 
22.Qf7+ 1-0

[Event "HCL-B081"]
[Site "www.playchess.de"]
[Date "2001.02.25"]
[Round "2"]
[White "Antonio"]
[Black "paule"]
[WhiteElo "1500"]
[BlackElo "1762"]
[PlyCount "56"]
[Result "0-1"]

1.e4 e6 2.d4 d5 3.exd5 exd5 4.Nf3 Bd6 5.Be2 Nf6 
6.Bg5 c6 7.c3 Bg4 8.Nbd2 O-O 9.O-O Re8 10.Re1 Nbd7 
11.h3 Bh5 12.Ne5 Bxe2 13.Rxe2 Nxe5 14.dxe5 Rxe5 
15.Nf3 Rxe2 16.Qxe2 Qe8 17.Qd3 Qe4 18.Qd2 Qf5 
19.Nd4 Qg6 20.Be3 Re8 21.Nb3 Ne4 22.Qc2 Qf6 
23.Bxa7 Qf4 24.g3 Qf5 25.Bc5 Bc7 26.Nd4 Qxh3 
27.Qe2 Re5 28.Qf1 Qxf1+ 0-1

[Event "HCL-B081"]
[Site "www.playchess.de"]
[Date "2001.02.25"]
[Round "3"]
[White "msmsk"]
[Black "Antonio"]
[WhiteElo "1549"]
[BlackElo "1500"]
[PlyCount "41"]
[Result "1/2-1/2"]

1.b4 Nf6 2.Bb2 e6 3.b5 a6 4.a4 axb5 5.axb5 Rxa1 
6.Bxa1 d5 7.Nf3 c6 8.e3 Bd7 9.c4 dxc4 10.bxc6 Bxc6 
11.Bxc4 Nbd7 12.O-O Bd6 13.d3 Ng4 14.Nbd2 Qc7 
15.h3 h5 16.Bxg7 Rg8 17.hxg4 hxg4 18.Nd4 Rxg7 
19.Re1 Qa5 20.Nxc6 bxc6 21.Ne4 1/2-1/2

[Event "HCL-B081"]
[Site "www.playchess.de"]
[Date "2001.02.25"]
[Round "4"]
[White "paule"]
[Black "peze"]
[WhiteElo "1762"]
[BlackElo "1734"]
[PlyCount "38"]
[Result "1/2-1/2"]

1.e4 e5 2.Nf3 Nf6 3.Nxe5 d6 4.Nf3 Nxe4 5.d4 d5 
6.Bd3 Bd6 7.O-O Bg4 8.c4 O-O 9.cxd5 Nf6 10.Nc3 
Nbd7 11.Re1 Nb6 12.h3 Bh5 13.Bg5 h6 14.Bxf6 Qxf6 
15.Ne4 Qf4 16.Ned2 Rfe8 17.Qb3 Kf8 18.Qb5 Rad8 
19.Qa5 a6 1/2-1/2

[Event "HCL-B081"]
[Site "www.playchess.de"]
[Date "2001.02.25"]
[Round "5"]
[White "peze"]
[Black "msmsk"]
[WhiteElo "1734"]
[BlackElo "1549"]
[PlyCount "40"]
[Result "1/2-1/2"]

1.e4 e6 2.d4 d5 3.exd5 exd5 4.c4 Nf6 5.Nc3 Be7 
6.Nf3 O-O 7.cxd5 Nxd5 8.Bd3 Nb4 9.Be4 Kh8 10.O-O 
f5 11.Bb1 Bf6 12.a3 Nd5 13.Ba2 Nxc3 14.bxc3 c5 
15.Ne5 Bxe5 16.dxe5 Qe7 17.Qd6 Qxd6 18.exd6 Bd7 
19.Rb1 b6 20.Re1 Nc6 1/2-1/2

[Event "HCL-B081"]
[Site "www.playchess.de"]
[Date "2001.02.25"]
[Round "6"]
[White "Antonio"]
[Black "peze"]
[WhiteElo "1500"]
[BlackElo "1734"]
[PlyCount "50"]
[Result "0-1"]

1.e4 e5 2.Nf3 Nf6 3.Nc3 Bb4 4.Nd5 Nxd5 5.exd5 O-O 
6.a3 Ba5 7.b4 Bb6 8.Bb2 e4 9.Ne5 Qh4 10.Qe2 d6 
11.g3 Qg5 12.h4 Qf5 13.Bh3 Qf6 14.Nc4 Bd4 15.Bxc8 
Rxc8 16.c3 b5 17.cxd4 bxc4 18.Qxc4 Nd7 19.O-O Qf5 
20.Rfe1 Nf6 21.Re2 a5 22.bxa5 Rcb8 23.Bc3 Qh3 
24.Rf1 Ng4 25.f3 exf3 0-1

[Event "HCL-B081"]
[Site "www.playchess.de"]
[Date "2001.02.25"]
[Round "9"]
[White "AER"]
[Black "Antonio"]
[WhiteElo "1500"]
[BlackElo "1500"]
[PlyCount "22"]
[Result "0-1"]

1.e4 e5 2.Nf3 Nc6 3.Bb5 a6 4.Ba4 Nf6 5.d3 d6 6.h3 
b5 7.Bb3 Na5 8.O-O Nxb3 9.axb3 Be7 10.Bg5 h6 
11.Bd2 c5 0-1

[Event "HCL-B081"]
[Site "www.playchess.de"]
[Date "2001.02.25"]
[Round "10"]
[White "peze"]
[Black "AER"]
[WhiteElo "1734"]
[BlackElo "1500"]
[PlyCount "21"]
[Result "1-0"]

1.e4 e6 2.d4 d5 3.Nc3 c5 4.exd5 exd5 5.dxc5 Be6 
6.Be3 Nf6 7.Nf3 Nbd7 8.Bb5 Rc8 9.b4 a6 10.Bxd7+ 
Nxd7 11.O-O 1-0

[Event "HCL-B081"]
[Site "www.playchess.de"]
[Date "2001.02.25"]
[Round "12"]
[White "Juice"]
[Black "msmsk"]
[WhiteElo "1537"]
[BlackElo "1549"]
[PlyCount "34"]
[Result "0-1"]

1.e4 c5 2.Nf3 d6 3.d4 cxd4 4.Qxd4 Nf6 5.Nc3 Nc6 
6.Bb5 Bd7 7.Bxc6 Bxc6 8.Bg5 Rc8 9.O-O-O g6 10.Rd3 
Bg7 11.Rhd1 O-O 12.e5 Nd7 13.Qh4 f6 14.e6 Bxf3 
15.Rxf3 fxg5 16.Rxf8+ Nxf8 17.Qxg5 
Bxc3 0-1

[Event "HCL-B081"]
[Site "www.playchess.de"]
[Date "2001.02.25"]
[Round "14"]
[White "Juice"]
[Black "peze"]
[WhiteElo "1537"]
[BlackElo "1734"]
[PlyCount "52"]
[Result "0-1"]

1.e4 e5 2.Nf3 Nf6 3.Nc3 Nc6 4.Bb5 Nd4 5.Ba4 c6 
6.Nxe5 d6 7.Nf3 Bg4 8.d3 d5 9.h3 Bxf3 10.gxf3 b5 
11.Be3 Bc5 12.Bxd4 Bxd4 13.Bb3 a5 14.a3 O-O 15.Qd2 
Qe7 16.Rg1 b4 17.Qg5 g6 18.Ne2 Bxb2 19.Ra2 bxa3 
20.h4 a4 21.h5 axb3 22.cxb3 Qb4+ 23.Kf1 Qxb3 
24.Rxb2 axb2 25.Qxf6 b1Q+ 26.Kg2 
Q1b2 0-1

[Event "HCL-B081"]
[Site "www.playchess.de"]
[Date "2001.02.25"]
[Round "16"]
[White "jabbaman"]
[Black "paule"]
[WhiteElo "1292"]
[BlackElo "1762"]
[PlyCount "72"]
[Result "0-1"]

1.e4 e6 2.d4 d5 3.exd5 exd5 4.Nf3 Bd6 5.Be2 Nc6 
6.Nc3 Nge7 7.Bg5 f6 8.Bh4 O-O 9.O-O Nf5 10.Bg3 
Bxg3 11.hxg3 Re8 12.b3 Nce7 13.Kh2 c6 14.Rh1 Qd6 
15.Kg1 b6 16.g4 Nh6 17.g5 Nf7 18.gxf6 Qxf6 19.Bd3 
Ng6 20.Ne2 a6 21.c4 Bg4 22.Qc2 dxc4 23.Bxc4 Bxf3 
24.gxf3 Qxf3 25.Ng3 Ra7 26.Qf5 Qf4 27.Qh5 Nf8 
28.Rh4 Qf6 29.Kg2 b5 30.Bd3 g6 31.Rg4 Rd7 32.Rh1 
Rxd4 33.Bxg6 hxg6 34.Rhh4 Rd5 35.Rxg6+ Nxg6 
36.Qh7+ Kf8 0-1

[Event "HCL-B081"]
[Site "www.playchess.de"]
[Date "2001.02.25"]
[Round "17"]
[White "msmsk"]
[Black "jabbaman"]
[WhiteElo "1549"]
[BlackElo "1292"]
[PlyCount "45"]
[Result "1-0"]

1.b4 e5 2.Bb2 d6 3.c4 f5 4.e3 Nc6 5.b5 Nce7 6.d4 
Nf6 7.dxe5 Ne4 8.exd6 Qxd6 9.Qxd6 Nxd6 10.Nf3 Be6 
11.Nbd2 O-O-O 12.O-O-O Rg8 13.Ng5 Bf7 14.c5 Ne4 
15.Nxf7 Rxd2 16.Rxd2 Nxd2 17.Kxd2 Nd5 18.Bc4 c6 
19.bxc6 bxc6 20.Bd4 g6 21.Ba6+ Kc7 22.Rb1 Kd7 
23.Ne5+ 1-0

[Event "HCL-B081"]
[Site "www.playchess.de"]
[Date "2001.02.25"]
[Round "18"]
[White "jabbaman"]
[Black "Antonio"]
[WhiteElo "1292"]
[BlackElo "1500"]
[PlyCount "36"]
[Result "0-1"]

1.e4 e5 2.Nf3 Nc6 3.Bc4 Bc5 4.O-O d6 5.Kh1 Bg4 
6.h3 Bh5 7.Nc3 Nd4 8.g4 Bg6 9.Ne2 Nxf3 10.Ng3 Ng5 
11.Kg2 Nxe4 12.d3 Nxf2 13.Rxf2 Bxf2 14.Kxf2 Ne7 
15.h4 f5 16.h5 f4 17.Ne4 Bxe4 18.dxe4 
Nc6 0-1

[Event "HCL-B081"]
[Site "www.playchess.de"]
[Date "2001.02.25"]
[Round "19"]
[White "peze"]
[Black "jabbaman"]
[WhiteElo "1734"]
[BlackElo "1292"]
[PlyCount "45"]
[Result "1-0"]

1.c4 e5 2.Nc3 b6 3.Nf3 d6 4.d3 Bb7 5.e4 Nd7 6.d4 
Ngf6 7.d5 Be7 8.Bd3 c6 9.dxc6 Bxc6 10.O-O Nc5 
11.Re1 O-O 12.Bc2 Qc7 13.Bg5 h6 14.Bxf6 Bxf6 
15.Rc1 Rad8 16.b4 Ne6 17.Ba4 Bg5 18.Bxc6 Bxc1 
19.Nd5 Qb8 20.Qxc1 Kh8 21.Rd1 f5 22.Nh4 g6 
23.Qxh6+ 1-0

[Event "HCL-B081"]
[Site "www.playchess.de"]
[Date "2001.02.25"]
[Round "21"]
[White "Juice"]
[Black "jabbaman"]
[WhiteElo "1537"]
[BlackElo "1292"]
[PlyCount "27"]
[Result "1-0"]

1.e4 c5 2.Nf3 g6 3.Bc4 d6 4.Ng5 e6 5.d4 Nc6 6.d5 
Nd4 7.c3 exd5 8.cxd4 dxc4 9.dxc5 Qa5+ 10.Nc3 Qxc5 
11.Be3 Qa5 12.Qd5 Qc7 13.Nb5 Qd8 
14.Qxf7+ 1-0

[Event "HCL-B081"]
[Site "www.playchess.de"]
[Date "2001.02.25"]
[Round "22"]
[White "paule"]
[Black "trolo"]
[WhiteElo "1762"]
[BlackElo "1801"]
[PlyCount "33"]
[Result "1-0"]

1.e4 c5 2.c3 d5 3.exd5 Qxd5 4.d4 Nc6 5.Nf3 Bg4 
6.Be2 cxd4 7.cxd4 e6 8.O-O Nf6 9.Nc3 Qd8 10.Qb3 
Rb8 11.Rd1 Qc7 12.Bg5 Be7 13.Bxf6 Bxf6 14.d5 exd5 
15.Nxd5 Qd8 16.Qa3 a6 17.Ne3 1-0

[Event "HCL-B081"]
[Site "www.playchess.de"]
[Date "2001.02.25"]
[Round "28"]
[White "jabbaman"]
[Black "trolo"]
[WhiteElo "1292"]
[BlackElo "1801"]
[PlyCount "32"]
[Result "0-1"]

1.e4 c5 2.Nf3 e6 3.d4 cxd4 4.Nxd4 Nc6 5.Be3 a6 
6.Nc3 Qc7 7.Bd3 Nf6 8.O-O Be7 9.f4 d6 10.Kh1 O-O 
11.f5 e5 12.Nxc6 bxc6 13.g4 d5 14.exd5 Bb7 15.dxc6 
Qxc6+ 16.Qf3 Qxf3+ 0-1

[Event "HCL-B081"]
[Site "www.playchess.de"]
[Date "2001.02.25"]
[Round "29"]
[White "Gruhni"]
[Black "paule"]
[WhiteElo "1448"]
[BlackElo "1762"]
[PlyCount "42"]
[Result "0-1"]

1.e4 e6 2.d4 d5 3.e5 c5 4.c3 Nc6 5.Nf3 Qb6 6.Qb3 
Qxb3 7.axb3 cxd4 8.cxd4 Nge7 9.Bd3 Nb4 10.Ke2 Nxd3 
11.Kxd3 b6 12.Nc3 Nc6 13.Ke2 a5 14.Bd2 Ba6+ 15.Ke1 
Nb4 16.Kd1 Nd3 17.Be3 Nxb2+ 18.Kc2 Nd3 19.Ne1 Nb4+ 
20.Kb2 Rc8 21.Nc2 Nd3+ 0-1

[Event "HCL-B081"]
[Site "www.playchess.de"]
[Date "2001.02.25"]
[Round "30"]
[White "msmsk"]
[Black "Gruhni"]
[WhiteElo "1549"]
[BlackElo "1448"]
[PlyCount "51"]
[Result "1-0"]

1.b4 e5 2.Bb2 d6 3.c4 Nf6 4.e3 c6 5.Be2 Be7 6.Nf3 
O-O 7.O-O Nbd7 8.d4 e4 9.Nfd2 d5 10.b5 a6 11.cxd5 
axb5 12.dxc6 bxc6 13.Qc2 Bb7 14.Nc3 Bb4 15.Ncxe4 
Nxe4 16.Nxe4 Nf6 17.Bd3 Nxe4 18.Bxe4 Qh4 19.g3 Qh6 
20.a4 bxa4 21.Rxa4 Bd6 22.Rfa1 Rxa4 23.Rxa4 g6 
24.Ra7 Rb8 25.Qb3 Bc8 26.Qxf7+ 1-0

[Event "HCL-B081"]
[Site "www.playchess.de"]
[Date "2001.02.25"]
[Round "31"]
[White "Gruhni"]
[Black "Antonio"]
[WhiteElo "1448"]
[BlackElo "1500"]
[PlyCount "26"]
[Result "1/2-1/2"]

1.e4 e5 2.Bc4 Nc6 3.Nf3 Bc5 4.d3 d6 5.Ng5 Nh6 
6.Nc3 Na5 7.Bb3 Nxb3 8.axb3 a6 9.h3 c6 10.Nf3 Qf6 
11.Bg5 Qg6 12.g4 Nxg4 13.hxg4 f6 1/2-1/2

[Event "HCL-B081"]
[Site "www.playchess.de"]
[Date "2001.02.25"]
[Round "32"]
[White "peze"]
[Black "Gruhni"]
[WhiteElo "1734"]
[BlackElo "1448"]
[PlyCount "67"]
[Result "1-0"]

1.c4 e5 2.Nc3 Bc5 3.g3 Nf6 4.Bg2 d6 5.e3 c6 6.Nge2 
O-O 7.O-O Be6 8.d4 Bb4 9.Qb3 Bxc3 10.Nxc3 Qb6 
11.Qxb6 axb6 12.d5 Bd7 13.e4 c5 14.f4 Re8 15.fxe5 
dxe5 16.Bg5 Nh5 17.Bf3 h6 18.Bxh5 g6 19.Bxg6 fxg6 
20.Bxh6 Na6 21.Rf6 Kh7 22.Bg5 Ref8 23.Rxb6 Rf7 
24.Rxb7 Raf8 25.h4 Nb4 26.Be3 Bh3 27.Bxc5 Rxb7 
28.Bxf8 Nc2 29.Rb1 Nd4 30.b3 Rf7 31.Bc5 Nf3+ 
32.Kh1 Nd2 33.Rb2 Nf1 34.Rf2 1-0

[Event "HCL-B081"]
[Site "www.playchess.de"]
[Date "2001.02.25"]
[Round "34"]
[White "Juice"]
[Black "Gruhni"]
[WhiteElo "1537"]
[BlackElo "1448"]
[PlyCount "45"]
[Result "1-0"]

1.e4 e5 2.Nf3 Nc6 3.Bb5 Nf6 4.O-O Bc5 5.c3 d6 6.d4 
a6 7.Bxc6+ bxc6 8.dxc5 Nxe4 9.cxd6 cxd6 10.Re1 Nf6 
11.Bg5 Bg4 12.Nbd2 h6 13.Bh4 O-O 14.Ne4 g5 15.Bg3 
Nh5 16.Qxd6 Qxd6 17.Nxd6 Bxf3 18.gxf3 Nxg3 19.fxg3 
f6 20.Rad1 Rab8 21.Rd2 Rfd8 22.Red1 Rb6 
23.Nc4 1-0

[Event "HCL-B081"]
[Site "www.playchess.de"]
[Date "2001.02.25"]
[Round "35"]
[White "Gruhni"]
[Black "jabbaman"]
[WhiteElo "1448"]
[BlackElo "1292"]
[PlyCount "52"]
[Result "1/2-1/2"]

1.e4 g6 2.d4 d6 3.Bc4 Nf6 4.Nc3 Bg7 5.Nf3 O-O 
6.O-O Bg4 7.h3 Bxf3 8.Qxf3 Nbd7 9.Be3 c5 10.d5 Ne5 
11.Qe2 a6 12.a4 Nfd7 13.f4 Nxc4 14.Qxc4 Rb8 
15.Rab1 Nb6 16.Qd3 Bxc3 17.Qxc3 Nxa4 18.Qa3 b5 
19.c4 Qd7 20.Rba1 Rb6 21.Bd2 bxc4 22.Qxa4 Qxa4 
23.Rxa4 Rxb2 24.Rd1 Rc2 25.Rxa6 Rb8 26.g4 
Rbb2 1/2-1/2

[Event "HCL-B081"]
[Site "www.playchess.de"]
[Date "2001.02.25"]
[Round "36"]
[White "trolo"]
[Black "Gruhni"]
[WhiteElo "1801"]
[BlackElo "1448"]
[PlyCount "77"]
[Result "1-0"]

1.e4 e5 2.Nc3 Bc5 3.f4 d6 4.Nf3 Nc6 5.Bb5 Bg4 
6.Bxc6+ bxc6 7.fxe5 dxe5 8.d3 h6 9.h3 Bxf3 10.Qxf3 
Qf6 11.Qg3 Ne7 12.Be3 Bd6 13.Rf1 Qg6 14.Qf2 a6 
15.O-O-O O-O 16.g4 Bb4 17.Qe1 Qe6 18.a3 Ba5 19.Qd2 
Bb6 20.Rf3 Bd4 21.Rdf1 Rab8 22.Qe1 c5 23.b3 c6 
24.Na4 Nc8 25.Nxc5 Qd6 26.Bxd4 exd4 27.b4 a5 28.e5 
Qd5 29.e6 Nd6 30.Nd7 Qa2 31.Nxb8 Qxa3+ 32.Kd1 Nb5 
33.exf7+ Kh8 34.Nd7 Qa1+ 35.Ke2 Qb2 36.Nxf8 Qxc2+ 
37.Qd2 Nc3+ 38.Ke1 Qb1+ 39.Kf2 1-0